00539 2200169 4500245015600000020002200156250001000178100001400188700001300202650001600215650001000231005001900241260006500260041001400325084001200339300001800351 aPetualangan Antropolog Cilik: Mengunjungi Suku-Suku Pedalaman di Asia Tenggarab : Mengunjungi Suku-Suku Pedalaman di Asia TenggaracDian ArsahText a978-623-307-012-6 aCet.2 aDian Arsa aSulastri aAntropologi aEbook a20250317083610 aJakarta TimurbBadan Pengembangan dan Pembinaan Bahasac2022 aIndonesia a304.209 avi :c42 hlm.